|
|
แสดงรายละเอียดบรรณานุกรม |
|
|
Brief Record
: Get Marc (ISO 2709)
: E-mail record
: |
| LEADER 00000nama 2200000uu 4500 | |||
| 001 186797 | |||
| 003 ULIBM | |||
| 008 040531s2543 th m m a000 0 tha d | |||
| 020 974-293-800-8 | |||
| 041 tha | |||
| 050 วจ WX27 ป272ภ 2543 | |||
| 100 สถาบันพระบรมราชชนนก | |||
| 245 ภาพลักษณ์และกลยุทธ์การพัฒนาโรงพยาบาลชุมชนในสองทศวรรษหน้า : มุมมองของผู้ทรงคุณวุฒิ 400 | |||
| 260 นนทบุรี สถาบันพระบรมราชชนนก 2543 | |||
| 300 83 หน้า | |||
| 650 โรงพยาบาลชุมชน - ภาพลักษณ์ | |||
| 998 2002-06-06 | |||
| 999 ^aใช้งานได้ทุกระบบ | |||
| คุณยังไม่ได้ล็อกอิน คุณสามารถมีกิจกรรมร่วมกับเว็บไซต์ได้ แต่ต้องล็อกอินก่อน :: |
|
| สถานะ | |||||||||
| 1. | งานวิจัย | วจ WX27 ป272ภ 2543 | On Shelf ขอยืม | ||||||
| [แสดง 1/1 รายการ] | |||||||||
| รายการใกล้เคียง ผู้แต่ง [สถาบันพระบรมราชชนนก]
|
BibComment |
| คอมเมนท์ทรัพยากรรายการนี้ |
|
|